Marc Broussard Discography - Statistics

General Stats
  • This quiz has been taken 2 times
  • The average score is 3 of 13
Answer Stats
Type Year Name % Correct
Album 2004 Carencro
100%
Album 2014 A Life Worth Living
50%
Album 2008 Keep Coming Back
50%
Live Album 2013 Live at Full Sail University
50%
EP 2005 Bootleg to Benefit the Victims of Hurrican Katrina
0%
Album 2017 Easy to Love
0%
Album 2015 Magnolias & Mistletoe
0%
Album 2011 Marc Broussard
0%
EP 2011 Marc Broussard EP
0%
Album 2002 Momentary Setback
0%
EP 2008 Must Be the Water
0%
Album 2016 S.O.S. 2: Save Our Soul: Soul on a Mission
0%
Album 2007 S.O.S.: Save Our Soul
0%
No matching quizzes found
Score Distribution
Percent of People with Each Score
Percentile by Number Answered
Your Score History
You have not taken this quiz